000 00529nam a22001817a 4500
999 _c185869
_d185869
005 20220210145746.0
010 _aENG-131508
020 _a9789350570159
_c175.00
035 _aEN-115040
037 _bDBAD
082 _a005.3
100 _aKumar, Bittu
245 _aMicrosoft Office 2010/
_cBittu Kumar
260 _aNew Delhi
_bV & S Publishers
_c2013
270 _aF-2/16, Ansari Road, Daryaganj
_bNew Delhi
_e110002
_minfo@vspubishers.com
300 _a207p.
_c24cm(pbk)
942 _2ddc
_cEN
_h005.3
_mBIT